|
|
|
|
| LEADER |
00000nab a2200000uu 4500 |
| 001 |
vtls011501902 |
| 003 |
SK-MaSNL |
| 005 |
20260303133622.0 |
| 008 |
230218|2010 xo |||||||||||||||||eng| |
| 015 |
|
|
|a SNBRB
|
| 035 |
|
|
|a (urnnbn)urn:nbn:sk:snk:ar-a0agzg
|
| 035 |
|
|
|a (uuid)84e57491-6aed-4897-b889-3c286d289249
|
| 035 |
|
|
|a urn:nbn:sk:snk-abdw4z
|
| 040 |
|
|
|a SNKBUCL
|b slo
|c SNKBUCL
|e AACR2
|
| 041 |
0 |
|
|a eng
|
| 044 |
|
|
|a xo
|c SK
|
| 100 |
1 |
|
|a Vasziová, Gabriela
|4 aut
|9 813030
|
| 245 |
1 |
0 |
|a THERMAL FLUCTUATIONS IN ELECTRIC CIRCUITS AND THE BROWNIAN MOTION
|c Gabriela Vasziová, Jana Tóthová, Lukáš Glod, Vladimír Lisý
|
| 700 |
1 |
|
|a Tóthová, Jana
|4 aut
|9 270810
|
| 700 |
1 |
|
|a Glod, Lukáš
|4 aut
|9 801542
|
| 700 |
1 |
|
|a Lisý, Vladimír
|4 aut
|9 48565
|
| 773 |
0 |
|
|t Journal of electrical engineering
|g Roč. 61, č. 4 (2010), s. [252]-256
|
| 958 |
|
|
|a OND
|
| 958 |
|
|
|a EUIPO
|
| 958 |
|
|
|a article20
|
| 999 |
|
|
|c 1957940
|d 1959870
|